Statistics for Countries With The Highest Unemployment Rates (Pre COVID-19)

Click here to take the quiz!

General Stats

  • This quiz has been taken 11 times
  • The average score is 6 of 15

Answer Stats

Unemployment Rate (Percent)Answer% Correct
36.0Republic of the Congo
88%
28.0Gabon
63%
40.6Haiti
63%
40.0Djibouti
50%
30.0Libya
50%
48.0Senegal
50%
28.0Eswatini
38%
40.0Kenya
38%
28.1Lesotho
38%
34.0Namibia
38%
27.6South Africa
38%
50.0Syria
25%
77.0Burkina Faso
13%
30.6Kiribati
13%
36.0Marshall Islands
13%

Score Distribution

Percentile by Number Answered

Percent of People with Each Score

Your Score History

You have not taken this quiz